Statistics for Europe Geography Quiz

Click here to take the quiz!

General Stats

  • This quiz has been taken 1,168 times
  • The average score is 9 of 15

Answer Stats

HintAnswer% Correct
Brazil was colonized by which European country?Portugal
89%
What is the capital city of Latvia?Riga
85%
What is the largest island in the Mediterranean Sea?Sicily
81%
Which river runs through Budapest?The Danube
76%
What is the name of the southeast state of Germany?Bavaria
73%
Which island nation's flag depicts an outline of the country?Cyprus
71%
Vlad the Impaler was from which European country?Romania
71%
What is the most densley populated country in the world?Monaco
68%
A double headed eagle can be seen on the flag of which country?Albania
63%
How many sovereign nations are there in Europe?45
60%
Which country is the only double landlocked country in Europe?Liechtenstein
58%
What is the official language of Andorra?Catalan
51%
What is the currency of Poland?Zloty
42%
What airline is the flag carrier of Ireland?Aer Lingus
31%
In Norway, Jostedalsbreen is continental Europe's largest example of what?Glacier
20%

Score Distribution

Percentile by Number Answered

Percent of People with Each Score

Your Score History

You have not taken this quiz